The data journalism handbook (Registro nro. 182472)

Detalles MARC
000 -ENCABEZADO
Número de control [NR] 01188nam a22003017a 4500
005 - FECHA Y HORA DE LA ÚLTIMA TRANSACCIÓN
control field 20140903174951.0
008 - DE LONGITUD FIJA DE DATOS DE ELEMENTOS - INFORMACIÓN GENERAL
Elementos de longitud fija [NR] 131107s2012 xxuab frf 000 0 eng d
020 ## - NUMERO INTERNACIONAL NORMALIZADO PARA LIBROS [R]
Número Internacional Normalizado del libro [NR] 1449330061
020 ## - NUMERO INTERNACIONAL NORMALIZADO PARA LIBROS [R]
Número Internacional Normalizado del libro [NR] 9781449330064
040 ## - FUENTE DE CATALOGACION [NR]
Agencia de catalogación original [NR] CO-BoUCM
Idioma de catalogación [NR] spa
Quien Cataloga
Quien Clasifica Aldemar Mondragón
041 00 - CODIGO DE IDIOMA [R]
Código de idioma para texto/pista de sonido o título separado [R] Inglés
245 04 - MENCION DE TITULO [NR]
Título [NR] The data journalism handbook
Mención de responsabilidad, etc. [NR] editado por Jonathan Gray, Liliana Bounegru y Lucy Chambers
246 1# - FORMA VARIANTE DEL TITULO [R]
Texto a desplegar [NR] Subtitle on cover
Título propiamente dicho/forma breve del título [NR] How journalists can use data to improve the news
260 ## - PUBLICACION, DISTRIBUCION, ETC. (PIE DE IMPRENTA) [R]
Lugar de publicación, distribución, etc. [R] Sebastopol (California, Estados Unidos)
Nombre del editor, distribuidor, etc. [R] O'Reilly Media
Fecha de publicación, distribución, etc. [R] 2012
300 ## - DESCRIPCION FISICA [R]
Extensión [R] xvii, 220 páginas
Otros detalles físicos [NR] ilustraciones y mapas
504 ## - NOTA DE BIBLIOGRAFIA, ETC. [R]
Nota de bibliografía, etc. [NR] Incluye referencias bibliográficas
650 #7 - ASIENTO SECUNDARIO DE MATERIA - TERMINO TEMATICO [R]
Término temático o nombre geográfico como elemento de entrada [NR] Minería de datos
9 (RLIN) 19571
650 #7 - ASIENTO SECUNDARIO DE MATERIA - TERMINO TEMATICO [R]
Término temático o nombre geográfico como elemento de entrada [NR] Periodismo digital
9 (RLIN) 21347
650 #7 - ASIENTO SECUNDARIO DE MATERIA - TERMINO TEMATICO [R]
Término temático o nombre geográfico como elemento de entrada [NR] Periodismo
Subdivisión general [R] Innovaciones tecnológicas
9 (RLIN) 29493
690 ## - ASUNTO AGREGADO LOCAL DE ENTRADA - TÉRMINO TEMÁTICO (OCLC, RLIN)
9 (RLIN) 42898
Acceso temático local Periodismo
700 1# - ASIENTO SECUNDARIO - NOMBRE PERSONAL [R]
Nombre personal [NR] Bounegru, Liliana
Término de relación [R] editor
9 (RLIN) 49996
700 1# - ASIENTO SECUNDARIO - NOMBRE PERSONAL [R]
Nombre personal [NR] Chambers, Lucy
Término de relación [R] editor
9 (RLIN) 49997
700 1# - ASIENTO SECUNDARIO - NOMBRE PERSONAL [R]
Nombre personal [NR] Gray, Jonathan.
Término de relación [R] editor
9 (RLIN) 49995
710 2# - ASIENTO SECUNDARIO - NOMBRE CORPORATIVO [R]
Nombre corporativo o de jurisdicción como elemento de entrada [NR] European Journalism Centre
9 (RLIN) 49998
710 2# - ASIENTO SECUNDARIO - NOMBRE CORPORATIVO [R]
Nombre corporativo o de jurisdicción como elemento de entrada [NR] Open Knowledge Foundation
9 (RLIN) 49999
942 ## - ELEMENTOS DE ENTRADA AGREGADOS (KOHA)
Tema principal Comunicación
Tipo de ítem principal el descrito en 300a Libro
Edición 1
Parte restante de la signatura top. D232
Sistema de clasificación DEWEY
Clasificación 070.430285
Existencias
Fecha de último préstamo Total préstamos Total Renewals Signatura topográfica Código de barras Última vez visto Ejemplar Costo de reposición Price effective from Tipo de ítem Perdido Sistema de clasificación Dañado No prestable Tipo de ítem específico Suprimido Ubicación habitual Ubicación actual Localización Fecha de creación Proveedor Forma de adquisición Costo
14/03/2022 6 21 070.430285 D232 100137602 05/12/2025 Ej.1 32000.00 30/10/2013 Libro   DEWEY     Libro   Claustro Claustro 2do piso 30/10/2013 15 Compra 32000.00